LEADER 01166nam0-2200349---450- 001 990008623300403321 005 20091028093820.0 010 $a88-14-13131-7 035 $a000862330 035 $aFED01000862330 035 $a(Aleph)000862330FED01 035 $a000862330 100 $a20080222d2006----km-y0itay50------ba 101 0 $aita 102 $aIT 105 $a--------101yy 200 1 $a<>banca islamica e la disciplina bancaria europea$eatti del Convegno internazionale di studi, Napoli, 8-9 aprile 2005$fa cura di Gabriella Gimigliano e Gennaro Rotondo 210 $aMilano$cGiuffrè$d2006 215 $aVIII, 243 p.$d23 cm 225 1 $aSeminari di diritto bancario e dei mercati finanziari$fdiretti da Mario Porzio e Marilena Rispoli Farina$v4 676 $a346.24082$v21$zita 702 1$aGimigliano,$bGabriella 702 1$aRotondo,$bGennaro 801 0$aIT$bUNINA$gRICA$2UNIMARC 901 $aBK 912 $a990008623300403321 952 $a21-CB-761$b14438$fDDCP 952 $aVIII L 413$b52735*$fFGBC 959 $aDDCP 959 $aFGBC 996 $aBanca islamica e la disciplina bancaria europea$9714316 997 $aUNINA LEADER 00928nam 2200361 450 001 9910159052403321 005 20230810001731.0 010 $a3-86851-515-1 035 $a(CKB)3710000001012107 035 $a(MiAaPQ)EBC4797792 035 $a(EXLCZ)993710000001012107 100 $a20170322h20172017 uy 0 101 0 $ager 135 $aurcnu|||||||| 181 $2rdacontent 182 $2rdamedia 183 $2rdacarrier 200 10$aFlexirente /$fWerner Siepe 210 1$aBerlin, [Germany] :$cStiftung Warentest,$d2017. 210 4$d©2017 215 $a1 online resource (43 pages) 300 $a"E-book exklusiv." 606 $aRetirement$zGermany 615 0$aRetirement 676 $a301.435 700 $aSiepe$b Werner$01378876 801 0$bMiAaPQ 801 1$bMiAaPQ 801 2$bMiAaPQ 906 $aBOOK 912 $a9910159052403321 996 $aFlexirente$93419656 997 $aUNINA LEADER 02261 am 2200565 n 450 001 9910306638903321 005 20231025121731.0 010 $a2-35457-161-5 024 7 $a10.4000/books.demopolis.920 035 $a(CKB)4100000007522739 035 $a(FrMaCLE)OB-demopolis-920 035 $a(oapen)https://directory.doabooks.org/handle/20.500.12854/40105 035 $a(PPN)234055545 035 $a(EXLCZ)994100000007522739 100 $a20190118j|||||||| ||| 0 101 0 $afre 135 $auu||||||m|||| 181 $ctxt$2rdacontent 182 $cc$2rdamedia 183 $acr$2rdacarrier 200 10$aAdam Neuser (1744) $ePrécédé de Confession et migration : L'Islam des Lumières /$fGotthold Ephraim Lessing 210 $aParis $cDemopolis$d2018 215 $a1 online resource (238 p.) 311 $a2-35457-107-0 330 $aAdam Neuser raconte l'histoire vraie d'un pasteur protestant émigré à Istanbul et converti à l'islam à la fin du xvie siècle. L'art d'écrire lessingien, son jeu avec l'érudition remplissent cependant le récit de leurres. On comprend vite que la conversion d'Adam Neuser n'est pas l'essentiel, pas plus que l'affinité supposée de l'islam avec le déisme. Adam Neuser constitue l'une des réflexions les plus rigoureuses des Lumières allemandes sur leur propre histoire, celle d'une société traversée par la distinction confessionnelle. À travers son interrogation sur l'appartenance religieuse et la proclamation des croyances, le texte ouvre des voies pour penser la religion naturelle aujourd'hui. 517 $aAdam Neuser 606 $aReligion 606 $aislam 606 $aLumières 606 $aconversion 606 $adéisme 606 $areligion 610 $aislam 610 $aLumières 610 $adéisme 610 $aconversion 610 $areligion 615 4$aReligion 615 4$aislam 615 4$aLumières 615 4$aconversion 615 4$adéisme 615 4$areligion 700 $aLessing$b Gotthold Ephraim$f1729-1781.$0152864 701 $aBüttgen$b Philippe$0525968 801 0$bFR-FrMaCLE 906 $aBOOK 912 $a9910306638903321 996 $aAdam Neuser (1744)$93039774 997 $aUNINA